000 00293cam a22001097a 4500
008 180718b2008 xxu||||| |||| 00| 0 eng d
082 _aBA27x54 B489
100 _aAmbedker, B.R.
245 _aSuddron kee khouj
_cby B.R. Ambedker
260 _aNagpur
_bPrograsive Publisher
_c2008
300 _a86p.
999 _c438939
_d438939